| 000 | 00759cam a2200241 a 4500 | ||
|---|---|---|---|
| 020 | _a1413307019 (pbk.) : | ||
| 020 | _a9781413307016 (pbk.) | ||
| 040 | _cDLC | ||
| 082 | 0 | 0 | _a658 NOL 2008 A116 Or. |
| 100 | 1 | _aFitzpatrick, Diana. | |
| 245 | 1 | 4 |
_aThe work from home handbook : _bflex your time, improve your life / |
| 246 | 1 | _aUSA today | |
| 246 | 1 | 4 |
_aUSA today, the work from home handbook : _bflex your time, improve your life |
| 250 | _a1st ed. | ||
| 260 |
_aBerkeley, CA : _bNolo, _cc2008. |
||
| 300 |
_a152 p. : _bill. ; _c23 cm. |
||
| 500 | _aIncludes index. | ||
| 650 | 0 | _aHome-based businesses | |
| 650 | 0 | _aTelecommuting | |
| 700 | 1 | _aFishman, Stephen. | |
| 856 | 4 | 1 | _uhttp://www.loc.gov/catdir/toc/fy0804/2007035635.html |
| 942 | _cAEDBB | ||
| 999 |
_c17510 _d17510 |
||